Statistiques concernant Photos d'animaux #2 (Asie)

Cliquez ici pour prendre le quiz!

Statistiques générales

  • Ce quiz a été pris 89 fois
  • Le résultat moyen est 12 sur 16

Statistiques - réponses

Réponse% Correct
Un éléphant d'Asie
99%
Un panda géant
95%
Un paon
94%
Un tigre
94%
Un panda roux
92%
Un chimpanzé
88%
Un cobra royal
82%
Un léopard des neiges
82%
Un orang-outan
79%
Un dragon de Komodo
73%
Un pangolin
66%
Un fourmilier
65%
Un tapir
60%
Un nasique
52%
Une grue du japon
47%
Un canard mandarin
45%

Distribution des résultats

Percentile par nombre de réponses

% des personnes avec chaque résultat

Votre développement - résultats

Vous n’avez pas pris ce quiz